[Event "IECG QN.2000.0.00137"]
[Site "IECG email"]
[Date "2000.08.30"]
[Round "?"]
[White "Dolf, Varden"]
[Black "McKenzie, Duncan"]
[Result "0-1"]
[WhiteElo "800"]
[BlackElo "800"]
[PlyCount "40"]
[EventDate "2000.08.30"]
[EventType "tourn (corr)"]
[EventRounds "6"]
[SourceTitle "Corr 2008"]
[Source "ChessBase"]
[SourceDate "2008.06.24"]
[SourceVersion "1"]
[SourceVersionDate "2008.06.24"]
[SourceQuality "1"]

1. e4 c5 2. f4 d5 3. exd5 Nf6 4. Bb5+ Bd7 5. Bxd7+ Qxd7 6. c4 e6 7. Qe2 Bd6 8. dxe6 Qxe6 9. Qxe6+ fxe6 10. Ne2 Nc6 11. Nbc3 0-0-0 12. Nb5 Bb8 13. b3 a6 14. Nbc3 Nd4 15. 0-0 h6 16. Nxd4 Rxd4 17. Na4 Ba7 18. Re1 Rxf4 19. Rxe6 Kd7 20. Re2 b5 0-1

[Event "IECG QN.2000.0.00137"]
[Site "IECG email"]
[Date "2000.08.30"]
[Round "?"]
[White "Lucciantonio, John"]
[Black "Dolf, Varden"]
[Result "0-1"]
[WhiteElo "908"]
[BlackElo "800"]
[PlyCount "44"]
[EventDate "2000.08.30"]
[EventType "tourn (corr)"]
[EventRounds "6"]
[SourceTitle "Corr 2008"]
[Source "ChessBase"]
[SourceDate "2008.06.24"]
[SourceVersion "1"]
[SourceVersionDate "2008.06.24"]
[SourceQuality "1"]

1. e4 e5 2. Nf3 Nc6 3. Bc4 Nf6 4. 0-0 Bc5 5. Re1 d6 6. h3 0-0 7. a3 Nxe4 8. Rxe4 d5 9. Re2 dxc4 10. Nxe5 Nxe5 11. Rxe5 Bxf2+ 12. Kh1 Bd4 13. Re4 Bf5 14. Rf4 Qd7 15. c3 Be5 16. Rxc4 Bxb1 17. Rxb1 Qd3 18. Rc5 Rae8 19. Ra1 Qg3 20. Qg1 Bd6 21. Rf5 Re1 22. Rf1 Rxf1 0-1